Reglamento electrotécnico para baja tensión e instrucciones técnicas complementarias (ITC) BT01 a BT51 (Registro nro. 76539)

Detalles MARC
000 -LEADER
campo de control de longitud fija 01624nam a2200421 a 4500
001 - NÚMERO DE CONTROL
campo de control 76539
003 - IDENTIFICADOR DE NÚMERO DE CONTROL
campo de control 0
005 - FECHA Y HORA DE LA ÚLTIMA TRANSACCIÓN
campo de control 20241217151314.0
006 - CÓDIGOS DE INFORMACIÓN DE LONGITUD FIJA--CARACTERÍSTICAS DEL MATERIAL ADICIONAL
campo de control de longitud fija m o d |
007 - CAMPO FIJO DE DESCRIPCIÓN FÍSICA--INFORMACIÓN GENERAL
campo de control de longitud fija cr cn|||||||||
008 - DATOS DE LONGITUD FIJA--INFORMACIÓN GENERAL
campo de control de longitud fija 201106r2007 sp |||||s|||||||||||spa d
020 ## - NÚMERO INTERNACIONAL ESTÁNDAR DEL LIBRO
ISBN cancelado o inválido 9788473602716
035 ## - NÚMERO DE CONTROL DEL SISTEMA
Número de control de sistema (MiAaPQ)EBC3193798
035 ## - NÚMERO DE CONTROL DEL SISTEMA
Número de control de sistema (Au-PeEL)EBL3193798
035 ## - NÚMERO DE CONTROL DEL SISTEMA
Número de control de sistema (CaPaEBR)ebr10472684
035 ## - NÚMERO DE CONTROL DEL SISTEMA
Número de control de sistema (OCoLC)929284818
040 ## - FUENTE DE CATALOGACIÓN
Centro catalogador/agencia de origen FlNmELB
Lengua de catalogación spa
Centro/agencia transcriptor FlNmELB
050 #4 - SIGNATURA TOPOGRÁFICA DE LA BIBLIOTECA DEL CONGRESO
Número de clasificación KF2125
Número de ítem E771 2007
080 ## - NÚMERO DE LA CLASIFICACIÓN DECIMAL UNIVERSAL
Número de la Clasificación Decimal Universal 621.31
080 ## - NÚMERO DE LA CLASIFICACIÓN DECIMAL UNIVERSAL
Número de la Clasificación Decimal Universal 621.3
080 ## - NÚMERO DE LA CLASIFICACIÓN DECIMAL UNIVERSAL
Número de la Clasificación Decimal Universal 696
082 04 - NÚMERO DE LA CLASIFICACIÓN DECIMAL DEWEY
Número de clasificación 343.46/0786213
Información de edición 22
110 1# - ENTRADA PRINCIPAL--NOMBRE DE ENTIDAD CORPORATIVA
Nombre de entidad corporativa o nombre de jurisdicción como elemento de entrada España.
Unidad subordinada Ministerio de Industria y Energía.
245 10 - MENCIÓN DEL TÍTULO
Título Reglamento electrotécnico para baja tensión e instrucciones técnicas complementarias (ITC) BT01 a BT51
Medio [recurso electronico] :
Resto del título Real Decreto 842/2002 /
Mención de responsabilidad, etc. [Ministerio de Industria y Energía] ; revisión técnica Emilio carrasco.
246 38 - FORMA VARIANTE DEL TITULO
Título propio/Titulo breve REBT
260 ## - PUBLICACIÓN, DISTRIBUCIÓN, ETC.
Lugar de publicación, distribución, etc. Madrid :
Nombre del editor, distribuidor, etc. Tébar,
Fecha de publicación, distribución, etc. 2007.
300 ## - DESCRIPCIÓN FÍSICA
Extensión 473 p.
533 ## - NOTA DE REPRODUCCIÓN
Tipo de reproducción Recurso electrónico. Santa Fe, Arg.: e-libro, 2015. Disponible vía World Wide Web. El acceso puede estar limitado para las bibliotecas afiliadas a e-libro.
650 #0 - PUNTO DE ACCESO ADICIONAL DE MATERIA--TÉRMINO DE MATERIA
Término de materia o nombre geográfico como elemento de entrada Electrotecnia
Subdivisión general Derecho
Subdivisión geográfica España
Subdivisión general Legislación.
650 #0 - PUNTO DE ACCESO ADICIONAL DE MATERIA--TÉRMINO DE MATERIA
Término de materia o nombre geográfico como elemento de entrada Energía eléctrica
Subdivisión general Distribución
-- Derecho
Subdivisión geográfica España
Subdivisión general Legislación.
650 #0 - PUNTO DE ACCESO ADICIONAL DE MATERIA--TÉRMINO DE MATERIA
Término de materia o nombre geográfico como elemento de entrada Electrical engineering
Subdivisión general Law and legislation
Subdivisión geográfica Spain.
653 ## - TÉRMINO DE INDIZACIÓN--NO CONTROLADO
Término no controlado Energia electrica
-- Distribucion
-- Legislacion
655 #4 - TERMINO DE INDIZACIÓN--GENERO/FORMA
Datos o término principal de género/forma Libros electrónicos.
700 1# - ENTRADA AGREGADA--NOMBRE PERSONAL
Nombre de persona Carrasco Sánchez, Emilio.
710 2# - ENTRADA AGREGADA--NOMBRE DE ENTIDAD CORPORATIVA
Nombre de entidad corporativa o nombre de jurisdicción como elemento de entrada e-libro, Corp.
856 40 - LOCALIZACIÓN Y ACCESO ELECTRÓNICOS
Identificador Uniforme de Recurso <a href="https://elibro.net/ereader/politecnicointernacional/51930">https://elibro.net/ereader/politecnicointernacional/51930</a>
942 ## - ELEMENTOS DE ENTRADA SECUNDARIOS (KOHA)
Tipo de ítem Koha

No hay ítems disponibles.


Politécnico Internacional

Institución de Educación Superior
Vigilado Mineducación.
SNES 4727 +4135 DEL 11 de nov. de 2004

Sedes

Sede Norte - Av. Boyacá 138 - 70

Sede Sur - Autopista Sur No 67 - 71

Sede Av Chile - Calle 73 Nº 10-45

Información Legal

Derechos Pecuniarios | Habeas Data | Reglamento Biblioteca


Compartir

YouTube | Twitter | Facebook | LinkedIn


Comunícate con nosotros:

Admisiones: 60-1-7950000
Atención al cliente: 60-1-4005700